000 00444nam a2200157 4500
001 107724
003 ES-MaACL
005 20230906184458.0
007 t|
008 061121s1930 sp r ||||1| ger d
100 1 _aMossig, Theobald Ritter von.
_983804
245 1 0 _aBrasilien
_b: Kritische Studie /
_cTheobald Ritter von Mossig.
260 _aLeipzig :
_bOswald Weigel,
_c1930.
300 _a96 p. ;
_c21 cm.
852 _aES-MaACL
_j1751-F-6
999 _c107724
_d107724